[Event "Duell 7"]
[Site "Turnierstufe"]
[Date "2025.07.10"]
[Round "22"]
[White "Reflection II max Super Expert C sel. 5"]
[Black "Reflection II max Nigel Short"]
[Result "1/2-1/2"]
[WhiteElo "2133"]
[BlackElo "2220"]
[PlyCount "120"]

1.e4 c5 2.Nf3 e6 3.d4 cxd4 4.Nxd4 Nf6 5.Nc3 d6 6.g4 Nc6 7.g5 Nd7 8.Ndb5 Nb6 
9.Bf4 Ne5 10.Qh5 {Buchende.} 10...Ng6 {Buchende.} 11.Bxd6 ( {oder} 11.Be3 ) 
11...Bxd6 12.Rd1 Nf4 $10 13.Qh4 Ng6 14.Qg4 Ne5 $6 ( {z.B:} 14...O-O 15.Nxd6 Qc7 
16.e5 Nxe5 17.Qg3 Nc6 18.Nce4 Nd5 19.Bc4 {... und es ist in etwa ausgeglichen.} 
) 15.Qg3 Nec4 {Nicht gerade planvoll, was Nigel Short da macht. Weiß kommt in
Vorteil.} 16.Nxd6+ {(+01.48)} ( 16.e5 {geht ebenfalls gut.} ) 16...Nxd6 
{(-1.03)} 17.Bb5+ {Ungenau, jetzt geht:} ( {Zunächst} 17.Rxd6 Bd7 18.Bb5 Qe7 
19.Bxd7+ Nxd7 {... sieht besser aus.} ) 17...Ke7 18.e5 {(+01.71)} 18...Nd5 
{(0.00)} 19.Nxd5+ exd5 20.Qa3 Be6 21.f4 a6 22.Bd3 Qb6 $10 23.exd6+ Qxd6 
24.Qxd6+ Kxd6 25.f5 Bd7 26.Kd2 h6 27.h4 Rae8 28.Rhg1 hxg5 29.Rxg5 Rxh4 30.Rxg7 
Ke7 31.Re1+ Kf6 32.Rxe8 Bxe8 $10 {Das sollte ein Remis werden.} 33.Rg8 Bc6 
34.Rc8 d4 35.Bxa6 Rh2+ 36.Ke1 Kxf5 37.Bd3+ Kf4 38.Rf8 Bd5 39.Rd8 Ke5 40.Re8+ 
Kf6 41.Re2 Rxe2+ 42.Kxe2 {Kann noch was passieren? Besser noch abwarten ,,,} 
42...Ke5 43.Ke1 Bc6 44.Ke2 f6 45.Kf1 f5 46.Kf2 b6 47.Ke2 Bg2 48.Kf2 Be4 49.Ke2 
( 49.Bxe4 {Ist auch Remis.} 49...fxe4 50.Ke1 Kf4 51.Kf2 d3 52.cxd3 exd3 53.Ke1 
Ke3 54.a4 d2+ 55.Kd1 Kd3 56.b4 Kc4 57.a5 bxa5 58.bxa5 Kb5 {...} ) 49...Bd5 
50.a3 f4 51.Kf2 Kd6 52.Bf5 Ba8 53.Bg6 Ke5 54.Bf7 f3 55.Kg3 Ke4 56.Kf2 Kf4 
57.Be6 Be4 58.Bb3 Kf5 59.Ba4 Kg4 60.Bb3 {(00.00)} 60...Bb7 {(+0.75). Mit
Zeitkontrolle Remis gegeben.} 1/2-1/2

[Event "Duell 7"]
[Site "Turnierstufe"]
[Date "2025.07.13"]
[Round "23"]
[White "Reflection II max Nigel Short"]
[Black "Reflection II max Super Expert C sel. 5"]
[Result "1/2-1/2"]
[WhiteElo "2218"]
[BlackElo "2135"]
[PlyCount "160"]

1.d4 d5 2.Nf3 Nf6 3.c4 c6 4.Nc3 dxc4 5.a4 Bg4 6.Ne5 Bh5 {Buchende.} 7.f3 
{Buchende.} 7...Nbd7 8.Nxc4 Qc7 9.Bg5 ( 9.g4 Bg6 10.e4 {... und Schwarz steht
bereits gedrängt.} ) 9...e5 $10 {und SEC kann Luft holen.} 10.Bxf6 gxf6 11.e3 
{Erstaunlich defensiv für NS.} ( 11.d5 cxd5 12.Qxd5 O-O-O 13.Qb5 {...} ) 
11...O-O-O 12.Rc1 Nc5 ( {Stärker ist:} 12...Nb6 $1 13.Nxb6+ $2 ( 13.Qb3 Nxc4 
14.Bxc4 exd4 15.exd4 Rxd4 ) 13...Qxb6 14.Bd3 exd4 15.exd4 Rxd4 {...} ) 13.d5 e4 
14.b4 cxd5 15.Nb2 exf3 16.gxf3 {(+0.22)} 16...d4 {(-00.78) Hiarcs 15.4 sagt
hier} ( 16...Qe5 {schon mit knapp 2 BE plus für Schwarz.} ) 17.Nb5 {(+0.89)} 
17...Qe5 {(-00.97)} 18.bxc5 Qxe3+ 19.Be2 Bxf3 ( 19...d3 $1 {ist richtig, aber zu
tief. Z.B.:} 20.Nd6+ Kb8 21.Nxd3 Bxd6 22.cxd6 Rhe8 23.Kf1 Rxd6 24.Rc3 Bg6 {...} 
) 20.Nc4 Bxe2 21.Nxe3 Bxd1 22.Nxd1 {Drei schwarze Bauern für einen Läufer - das
geht oft nicht gut aus für die Seite mit dem Fußvolk.} 22...Rd5 23.O-O $6 {Der
König gehört nicht mehr in die Ecke.} 23...Bxc5 {(+00.34)} 24.Rxf6 {(+0.90) Es
sieht eher nach Remis aus.} 24...d3+ 25.Kg2 d2 26.Rc2 Rf8 {zu defensiv.} ( 
26...Rg8+ 27.Kf1 $4 ( 27.Kf3 Kb8 $1 28.Rxf7 Rg1 29.Rxh7 Rf1+ 30.Ke2 Re1+ 31.Kf3 
Rd3+ 32.Kg4 Rg1+ 33.Kf4 Rf1+ 34.Kg4 Rg1+ 35.Kf4 Rf1+ 36.Kg4 Rg1+ ) 27...Rg1+ 
{.} ) 27.Nxa7+ $6 {Die richtigen Züge liegen viel zu tief für die Beiden im
Variantenbaum versteckt - deshalb keine ? mehr. Bei richtigem Spiel kann SEC
jedenfalls ein Remis halten.} 27...Kd7 28.Nb5 Ke7 29.Rh6 Rg8+ 30.Kf3 Rg1 31.Ke4 
{Schlecht.} ( 31.Rxc5 Rxc5 32.Nbc3 Rxc3+ 33.Nxc3 Rc1 34.Ke2 Rxc3 {...} ) 
31...Rd7 $1 {Jetzt kann er gewinnen.} 32.Nbc3 Re1+ 33.Kf5 Bb4 ( {Stark ist z.B.} 
33...Rf1+ 34.Kg4 Kf8 35.h3 Rd3 36.h4 Kg7 37.Rh5 f5+ {...} ) 34.Rb6 Rf1+ 35.Kg5 
Bxc3 36.Nxc3 Ke8 ( 36...Rd4 $1 {ist saustark und gewinnt, z.B.} 37.Rb5 Kf8 $1 
38.Rcb2 Rc1 {...} ) 37.Rbb2 f6+ {und wieder nur Ausgleich.} 38.Kh5 d1=Q+ 
39.Nxd1 Rfxd1 40.Rb5 Rg7 41.Rc8+ Rd8 42.Rc4 Rdd7 43.Rf4 Rdf7 44.Rff5 Rg2 45.h3 
Re2 46.Rb4 Rg2 47.Rbb5 Rg3 48.h4 Re3 49.Rb6 Re5 50.Kg4 Rg7+ 51.Kf4 Rge7 52.Rxe5 
fxe5+ 53.Kf5 ( 53.Ke4 ) 53...e4 54.Rb2 e3 55.Re2 Kf7 56.h5 b6 57.h6 Re6 58.Kg5 
Kf8 59.Kg4 Ke7 60.Kf5 ( 60.Kf3 ) 60...Kd6 {Rest in je 1 Stunde.} 61.Re1 e2 
{Jetzt verliert Weiß doch noch.} 62.Kg4 Kd5 63.Kf3 Rxh6 {Wohl doch nicht.} ( 
63...Kc4 $1 64.Rxe2 ( 64.Kg4 Kd3 65.Kf5 Re3 66.Kg5 Rf3 {...} ) 64...Rxe2 
65.Kxe2 Kb3 {... und gewinnt.} ) 64.Rxe2 Rh3+ 65.Kg2 Ra3 66.Rb2 Kc6 67.Rb4 Ra2+ 
68.Kg3 Re2 69.Rh4 Re7 70.Rh6+ Kc5 71.Kf3 Ra7 72.Rh4 Rb7 73.Ke3 Re7+ 74.Kd3 Rd7+ 
75.Kc3 Rc7 76.Rh5+ Kd6+ 77.Kb4 Kc6 78.Rh6+ Kb7 79.Kb5 Rc5+ 80.Kb4 {(0.00)} 
80...Rd5 {(00.00) Beide sind sich einig und der Bediener gibt ihnen natürlich
recht: Remis.} 1/2-1/2

[Event "Duell 7"]
[Site "Turnierstufe"]
[Date "2025.07.17"]
[Round "24"]
[White "Reflection II max Super Expert C sel. 5"]
[Black "Reflection II max Nigel Short"]
[Result "1/2-1/2"]
[WhiteElo "2137"]
[BlackElo "2216"]
[PlyCount "183"]

1.d4 d5 2.c4 e6 3.Nc3 Nf6 4.Bg5 Be7 5.e3 O-O 6.Nf3 h6 7.Bh4 b6 8.cxd5 Nxd5 
9.Bxe7 Qxe7 10.Nxd5 exd5 11.Rc1 Be6 {Buchende.} 12.Bd3 c5 13.dxc5 bxc5 14.O-O 
{Wieder aus dem Buch:} 14...Nd7 15.e4 dxe4 16.Bxe4 Rab8 {Erneut Buchende.} 
17.b3 {Buchende.} 17...Nf6 $10 18.Re1 Rfd8 19.Qc2 Nxe4 20.Qxe4 Qc7 21.Rc2 Rd5 
22.b4 $6 {Lockerungsübungen, aber weiterhin ist alles im Lot.} 22...Rh5 23.g4 
Rd5 24.a3 Qd6 25.bxc5 Rxc5 26.Rxc5 Qxc5 27.Re3 Qc1+ 28.Kg2 $10 Rb2 29.Qa8+ Kh7 
30.Qe4+ g6 31.g5 Qc2 32.Qxc2 Rxc2 33.Kg3 Bd5 34.h4 Kg7 35.Nd4 Rc4 36.gxh6+ Kxh6 
37.Ne2 Kg7 38.Re5 Be4 39.Ra5 Rc7 40.f3 Ba8 $10 {Alles ausgeglichen.} 41.a4 Rd7 
42.Nf4 Bc6 43.h5 gxh5 44.Nxh5+ Kf8 45.Ra6 Rc7 46.Kf4 Be8 47.a5 Bb5 48.Rh6 Rc4+ 
49.Ke5 Bc6 50.Kd6 {SEC ist ein Schlitzohr.} 50...Kg8 51.Ng3 {Gibt ohne Not den
Bauern ab..} ( 51.Ke7 Bxf3 52.Nf6+ Kg7 53.Rh7+ Kg6 54.Rxf7 {... ist simpler.} ) 
51...Bxf3 52.Nf5 Rc1 53.Rh3 Be4 54.Rg3+ Kf8 55.Nd4 Ra1 56.Ke5 Bb7 57.Nb3 Re1+ 
58.Kd6 Re6+ 59.Kc5 f5 60.Nd4 Ra6 {Rest in je 1 Stunde.} 61.Rg5 Be4 62.Kb4 ( 
62.Nxf5 Rxa5+ ( 62...Bxf5 63.Rxf5+ Ke7 64.Kd4 {... ist Remis.} ) 63.Kb4 Rxf5 
64.Rxf5+ Bxf5 65.Ka5 {... ist Remis.} ) 62...Kf7 63.Ne2 Kf6 64.Rh5 Rc6 65.Nc3 
Ke5 66.Rh7 a6 67.Rh8 {SEC spielt sich mit seiner wenig geradlinigen Art wohl
doch noch ins Abseits.} 67...Rg6 68.Kc4 Bf3 69.Re8+ Re6 70.Rxe6+ Kxe6 {Doch
nicht.} 71.Kd4 f4 72.Ne4 Kf5 73.Nf2 Be2 74.Kc3 f3 75.Kd4 Kf4 {(+2.12) sagt NS,
aber es ist nicht mehr als Remis.} 76.Ne4 {(-00.73)} 76...Bb5 77.Nf2 {Der
einzige Zug.} 77...Kg3 78.Ke3 Be8 79.Nd3 Bh5 80.Nf2 Bg4 81.Ne4+ ( 81.Nxg4 $1 
{ist Remis, aber das zu erkennen, ist bei weitem zuviel verlangt.} 81...Kxg4 
82.Kf2 Kf4 83.Kf1 Ke3 84.Ke1 Kd3 85.Kf2 Kc4 86.Kxf3 Kb5 87.Ke3 Kxa5 88.Kd3 Kb4 
89.Kc2 Ka4 90.Kb2 Kb5 91.Ka1 {...} ) 81...Kg2 82.Nf2 Be6 83.Nd3 Kg3 84.Nf2 Bb3 
85.Ne4+ Kg2 86.Nf2 Bc4 87.Ne4 Be6 88.Nf2 Bd7 89.Ne4 Bc6 90.Nf2 Bb7 91.Nd3 Kg1 
{Auch das hilft nicht gegen ein Unentschieden.} 92.Nf2 {... und Schluss an
dieser Stelle. Remis.} 1/2-1/2

[Event "Duell 7"]
[Site "Turnierstufe"]
[Date "2025.07.22"]
[Round "25"]
[White "Reflection II max Nigel Short"]
[Black "Reflection II max Super Expert C sel. 5"]
[Result "1-0"]
[WhiteElo "2214"]
[BlackElo "2139"]
[PlyCount "140"]

1.e4 c5 2.c3 Nf6 3.e5 Nd5 4.d4 cxd4 5.cxd4 d6 6.Nf3 Nc6 7.Bc4 {Buchende.} 
7...Nb6 {In Partie 1 (Remis) spielte SEC 7....e6.} 8.Bb5 dxe5 {Buchende.} 
9.Bxc6+ ( 9.Nxe5 ) 9...bxc6 10.Nxe5 Bb7 $6 ( 10...Ba6 $1 {und der weiße König
hängt in der Mitte fest.} ) 11.O-O e6 12.Qg4 Nd5 13.Rd1 Nf6 14.Qg3 Qb6 15.Na3 
Qc7 16.Nac4 O-O-O {(00.00)} 17.Be3 {(+0.45)} ( {Hiarcs hätte hier} 17.Qf3 
{gezogen mit Bewertung (+2,60) für NS.} ) 17...Ne4 18.Qf3 Nf6 19.Rac1 {(+0.94)} 
19...Rg8 {(-00.08)} 20.Bd2 {(+1.13) Die Analyse-Engine zeigt bereits +5.xx BE
an. Ein für die beiden Oldies schwer zu durchschaubares Dickicht von Drohungen
ist entstanden: Spieße, Gabeln, Fesselungen etc.} 20...Rd5 {(-00.74)} 21.Nxc6 ( 
{Noch stärker ist} 21.Ba5 {und z.B.} 21...Rxa5 ( 21...Qb8 22.Nxc6 Bxc6 23.Ne5 
Bd6 24.Nxc6 Qa8 25.Ne5+ Kb8 26.Rd3 {...} ) 22.Nxa5 c5 23.Nxb7 Qxb7 24.Qd3 Be7 
25.dxc5 {...} ) 21...Bxc6 22.Na5 Bc5 23.Nxc6 Qxc6 24.b4 Qb7 25.dxc5 Rgd8 26.Qe2 
Rd3 27.Be1 Qe4 28.Qxe4 Nxe4 29.Rxd3 Rxd3 {Nachdem NS seine Chancen nicht genutzt
hat, kann SEC noch kämpfen.} 30.b5 Rd5 31.Bb4 Nf6 32.a3 Re5 33.Kf1 Nd5 34.Bd2 
Re4 35.Rb1 Kb7 36.f3 Ra4 37.Bb4 a5 $2 {Erneut macht SEC es wieder unnötig
kompliziert und spielt so ziemlich den schlechtesten Zug in dieser Stellung. Er
schenkt seinem Gegner einfach zwei verbundene Freibauern und die ...} ( {Warum
nicht z.B. einfach} 37...f6 {oder} ) ( 37...h5 $2 ) 38.c6+ Kb6 39.Bd6 Rc4 
40.Bg3 a4 41.Bf2+ Kc7 42.b6+ Nxb6 43.Bxb6+ {... sind einen ganzen Springer
wert.} 43...Kxc6 44.Ba5 g6 45.Rb6+ Kd5 46.Rb7 Rf4 47.Ra7 h6 48.Bb4 f6 49.Rxa4 
Rc4 50.Ke2 Rc2+ 51.Bd2 h5 52.Kd3 Ra2 53.Ra5+ Kc6 54.Ra6+ Kd5 55.h4 Ra1 56.Bb4 
Rd1+ 57.Ke3 Rg1 58.Rd6+ Ke5 59.Rc6 f5 ( 59...Rxg2 $4 60.Rc5+ Kd6 61.Rg5+ {...
aber es ist ohnehin alles verloren.} ) 60.f4+ Kf6 {Rest in je 1 Stunde.} 61.Kf2 
Rh1 62.Rc7 e5 63.Rc6+ Kg7 64.fxe5 Rxh4 65.Rc7+ Kg8 66.e6 Rf4+ 67.Kg1 Re4 
68.Rc8+ Kg7 69.e7 Rxe7 70.Bxe7 Kf7 {(resign) Endlich gibt SEC auf.} 1-0

[Event "Duell 7"]
[Site "Turnierstufe"]
[Date "2025.07.27"]
[Round "26"]
[White "Reflection II max Super Expert C sel. 5"]
[Black "Reflection II max Nigel Short"]
[Result "1-0"]
[WhiteElo "2131"]
[BlackElo "2222"]
[PlyCount "64"]

1.e4 e5 2.Nf3 Nf6 3.d4 Nxe4 4.Bd3 ( {In Partie 18 (Remis) spielte SEC} 4.dxe5 
{.} ) 4...d5 5.Nxe5 Bd6 6.O-O O-O 7.c4 Bxe5 8.dxe5 Nc6 9.Bf4 {Buchende.} 
9...Be6 {Buchende.} 10.Qh5 Nb4 $10 11.Rd1 Qc8 $6 {Nicht der beste Zug.} ( 
11...Nxd3 {oder} ) ( 11...f5 ) 12.cxd5 Bg4 13.Qh4 Bxd1 14.Bxe4 f5 $2 {zu
kurzsichtig, unterschätzt die Gefahr am Königsflügel.} 15.exf6 g6 16.Nd2 
{(+01.08) Schwarz ist bereits schwer unter Druck ...} 16...Bg4 {(-0.52) ...
sieht es aber nicht so. Ginge es nach Hiarcs, könnte NS bereits aufgeben.} 
17.Rc1 Na6 18.Nc4 {(+01.28)} 18...Qe8 {(-1.71)} 19.Ne5 {Hiarcs sagt +11 BE.} 
19...Bh5 {(-3.41)} 20.d6 {(+02.92)} 20...Qe6 {(-3.41)} 21.Bxb7 {(+03.34) Ok,
verpasst aber das schnelle Ende.} ( 21.dxc7 Nxc7 22.Rxc7 {und Matt in 11:} 
22...Rxf6 23.Qxf6 Qxf6 24.Bd5+ Kh8 25.Nf7+ Qxf7 26.Bxf7 Kg7 27.Bc4+ Kf8 28.Bd6+ 
Ke8 29.Bb5+ Kd8 30.Rxh7 g5 31.Rh8+ Be8 32.Rxe8# ) 21...cxd6 22.Nc6 Nc7 
{(-3.23)} 23.Ne7+ {(+04.30)} 23...Kh8 24.Be3 Rae8 25.Rxc7 {(+05.50)} 25...Rxf6 
26.Nd5 ( 26.Bd5 {Matt in 11} 26...Qe5 27.h3 Ref8 28.Bd4 Qe1+ 29.Kh2 Qe5+ 
30.Bxe5 dxe5 31.Ng8 Rxf2 32.Qe7 R8f7 33.Qxe5+ R2f6 34.Nxf6 Kg7 35.Rxf7+ Kh8 
36.Qe8# ) 26...Rf7 27.Rxf7 {(+07.04)} 27...Qxf7 {(-5.59)} 28.Bd4+ {(+09.71)} 
28...Kg8 {(-8.83) NS gibt immer noch nicht auf.} 29.Nf6+ Kf8 30.Nxe8 Qe6 
31.Qf6+ Qxf6 32.Nxf6 Be2 {NS sagt: (Ich gebe auf!)} 1-0

[Event "Duell 7"]
[Site "Turnierstufe "]
[Date "2025.07.29"]
[Round "27"]
[White "Reflection II max Nigel Short"]
[Black "Reflection II max Super Expert C sel. 5"]
[Result "1/2-1/2"]
[WhiteElo "2209"]
[BlackElo "2144"]
[PlyCount "150"]

1.e4 c5 2.Nf3 d6 3.d4 cxd4 4.Nxd4 Nf6 5.Nc3 e6 6.Be2 a6 7.O-O Be7 8.f4 
{Buchende.} 8...Nc6 {Buchende.} 9.Nxc6 $5 ( {Theorie bevorzugt} 9.Be3 ) 
9...bxc6 10.Be3 O-O $10 11.Qd3 Rb8 12.b3 d5 13.Ba7 Ra8 14.Bf2 dxe4 $6 ( 
{Besser} 14...Bb7 ) 15.Nxe4 Qc7 16.Rad1 Nd5 17.Ng5 g6 18.g3 Rd8 19.Qd2 Nb4 
20.Qc3 Nxa2 21.Qb2 Nb4 22.Rxd8+ Bxd8 {Für das gewonnene Bäuerlein ist SEC stark
in die Defensive geraten.} 23.Ne4 ( {Ein Mensch hätte vermutlich} 23.Bd4 
{gezogen.} ) 23...f5 $6 {Nun wird's schwer für SEC, all die entstandenen
Schwachpunkte (c5, c6, e5, e6, Diagonale a1-h8 ...) abzusichern.} 24.Nc5 Qe7 
25.c3 Nd5 26.c4 Nb4 27.Qd2 a5 28.Rd1 Bb6 29.Na4 Bxf2+ 30.Kxf2 Qa7+ 31.Kf1 Ba6 
32.Qd6 Re8 33.Nc5 Bc8 34.Bf3 Qb6 35.Kg2 Kf7 36.Rd2 h5 37.Qe5 Rd8 38.Rd6 Qc7 $6 
( {Einfach} 38...Rxd6 39.Qxd6 Qa7 {...} ) 39.Nb7 Rxd6 40.Nxd6+ Kg8 41.Nxc8 $6 ( 
{Hiarcs 15.4 würde so spielen:} 41.c5 Qd8 42.Nc4 Nd3 43.Qd6 Qxd6 44.cxd6 Kf7 
45.Bxc6 Ba6 46.Nxa5 e5 47.d7 Ke7 48.Ba4 exf4 49.Nc6+ Kxd7 50.Nb8+ Kc7 51.Nxa6+ 
{... und 1:0.} ) 41...Qxc8 42.Qxa5 c5 $10 {Weiß hat den Bauern zurück und alles
ist im Lot.} 43.h4 {(+00.58)} 43...Nc2 {(-00.15)} 44.Kg1 Nd4 45.Bd1 Qf8 46.Qa7 
Qd6 47.Qb7 e5 48.fxe5 Qxe5 49.Kf2 f4 50.Qd5+ Qxd5 51.cxd5 Kf7 $10 52.gxf4 Kf6 
53.Kg2 Nf5 54.Kh3 Nd4 55.Kg3 Nf5+ 56.Kh2 Nxh4 57.Bc2 Nf3+ 58.Kg3 Nd4 59.Be4 
Nxb3 60.d6 Nd4 {Rest in je 1 Stunde.} 61.d7 Ne6 62.Bd3 Kg7 63.f5 gxf5 64.Bxf5 
Nd8 65.Bd3 Kf6 66.Bb5 Ke7 67.Kh4 Nf7 68.Kxh5 Nd6 69.Ba4 c4 70.Kg4 Ne4 71.Kf3 
Nc5 72.Bb5 c3 73.Ke2 Kd8 74.Kd1 c2+ 75.Kxc2 Nxd7 {Beide reklamieren Remis.} 1/2-1/2

[Event "Duell 7"]
[Site "Turnierstufe"]
[Date "2025.07.29"]
[Round "28"]
[White "Reflection II max Super Expert C sel. 5"]
[Black "Reflection II max Nigel Short"]
[Result "1/2-1/2"]
[WhiteElo "2146"]
[BlackElo "2207"]
[PlyCount "213"]

1.e4 e6 2.d4 d5 3.Nc3 dxe4 4.Nxe4 Nd7 5.Nf3 Ngf6 6.Bd3 c5 7.Nxf6+ {Buchende.} 
7...Nxf6 {Buchende.} 8.c3 Bd6 9.Bg5 O-O 10.Bc2 h6 11.dxc5 Bxc5 12.Qxd8 Rxd8 
13.Bxf6 gxf6 $10 {NS hat zwar einen weniger schönen Doppelbauern, aber auch ein
sehr schönes Läuferppar.} 14.O-O Bd7 15.Rfd1 Bc6 16.Nd2 f5 17.Nc4 Rac8 18.Ne5 
Bd5 19.Bb3 Bxb3 20.axb3 Bd6 21.Nc4 Bb8 22.Na5 Rxd1+ 23.Rxd1 $10 {Alles läuft auf
ein Remis hinaus.} 23...b6 24.Nc4 Kf8 25.Rd7 Ke8 $2 {Nicht gerade der Beste,
denn nun ist Schwarz quasi in Zugzwang.} ( 25...Bc7 26.Nd6 Bxd6 27.Rxd6 Ke7 
{... und nichts ist mehr los.} ) 26.Rb7 Rd8 {(+0.19)} 27.g3 $1 {(+00.47)} ( 
{oder} 27.Kf1 Bf4 ( {Natürlich nicht} 27...Bxh2 $4 ) 28.g3 Bg5 29.Rxa7 {...} ) 
27...Rc8 28.Na3 Kf8 29.Nb5 a6 30.Nd4 ( 30.Na3 {ist etwas besser, denn jetzt
bringt} 30...Be5 {nichts.} ) 30...Be5 31.Rxb6 {Nun verflacht es zum Remis.} 
31...Bxd4 32.cxd4 Rd8 33.Rxa6 Rxd4 34.Rb6 Rd2 35.b4 Rxb2 36.Rb7 e5 37.b5 e4 
38.b6 Kg7 39.h4 Rb1+ 40.Kg2 Kg6 41.Rb8 Kh5 42.b7 f4 43.Kh3 fxg3 44.fxg3 f5 
45.Kg2 Rb2+ 46.Kf1 Rb5 47.Kf2 Rb6 48.Ke3 Rb2 49.Kf4 Rf2+ 50.Ke5 Rb2 51.Kxf5 e3 
52.Re8 Rxb7 53.Re5 e2 54.Kf4+ Kg6 55.Re6+ {SEC will kein Remis.} 55...Kh7 ( 
55...Kh5 $4 56.g4+ Kxh4 57.Rxh6# ) 56.Rxe2 Rf7+ 57.Ke4 Kg6 58.g4 Ra7 59.Rd2 
Re7+ 60.Kf3 Re6 $10 {Rest in je 1 Stunde. Und den Rest könnte man sich
schenken.} 61.Rd5 Ra6 62.Ke4 Ra4+ 63.Rd4 Ra1 64.Rd6+ Kg7 65.Rd3 Kf6 66.Rf3+ Kg6 
67.Kf4 Ra4+ 68.Kg3 Ra6 69.Rb3 Kf6 $10 70.Kf3 Kg6 71.Rb4 Rf6+ 72.Ke4 Re6+ 73.Kd5 
Re1 74.Rb6+ Kg7 75.h5 Rd1+ 76.Ke5 Re1+ 77.Kf4 Rf1+ 78.Ke4 Re1+ 79.Kd3 Rd1+ 
80.Ke3 Re1+ 81.Kf2 Rh1 82.Rg6+ {Auch das führt zu nichts - Remis.} 82...Kh7 
83.Ke3 {(+01.35) aber SEC kann nicht gewinnen.} 83...Re1+ {(-0.92)} 84.Kf4 Rf1+ 
{Die 50-Züge-Regel greift erst beim 106. Zug.} 85.Ke5 Re1+ 86.Kf5 Rf1+ 87.Ke6 
Re1+ 88.Kd5 Rg1 89.Ke4 Re1+ 90.Kf3 Rf1+ 91.Ke2 Rg1 92.Kd3 Rd1+ 93.Kc3 Rc1+ 
94.Kd4 Rb1 95.Kc5 Rc1+ 96.Kd6 Ra1 97.Ke7 Rg1 98.Kf7 Rf1+ 99.Rf6 Ra1 100.Rf4 Ra8 
101.Re4 Rg8 102.Rd4 Rg7+ 103.Kf6 Rg5 104.Rd7+ Kg8 105.Rd8+ Kh7 106.Rd7+ Kg8 
107.Rd1 {und genug des grausamen Spiels. Remis.} 1/2-1/2

[Event "Duell 7"]
[Site "Turnierstufe"]
[Date "2025.08.01"]
[Round "29"]
[White "Reflection II max Nigel Short"]
[Black "Reflection II max Super Expert C sel. 5"]
[Result "1/2-1/2"]
[WhiteElo "2205"]
[BlackElo "2148"]
[PlyCount "187"]

1.e4 c5 2.Nf3 e6 3.d4 cxd4 4.Nxd4 Nc6 5.Nb5 d6 6.c4 Nf6 {Buchende.} 7.N5c3 Be7 
8.Be2 O-O 9.O-O {Buchende.} 9...Qb6 {Immer diese verfrühten Damenausfälle.} ( 
{Besser:} 9...b6 ) 10.b3 Nd4 11.Be3 Nxe2+ 12.Qxe2 Qa5 13.a3 Bd7 $10 14.f4 Rac8 
15.b4 Qa6 16.Nd2 d5 17.e5 Ne8 18.b5 Qa5 19.Rfc1 dxc4 20.Nxc4 Qc7 21.Nb2 Bc5 
22.Nba4 Bxe3+ 23.Qxe3 Qc4 $14 {Und schon wieder hat NS Druckspiel und Schwarz
muss sich etwas zum Schutz seines Läufers einfallen lassen.} 24.Qxa7 ( 24.Qd2 
Rd8 25.Rab1 {... sieht noch besser aus.} ) 24...Qxf4 25.Qxb7 {ist OK.} ( 
{Besser:} 25.Rd1 {und z.B.} 25...Qxe5 ( 25...Bxb5 26.Nxb5 Qxe5 27.Rab1 ) ( 
25...Rc7 26.Qd4 Qxd4+ 27.Rxd4 Bc8 28.b6 Rd7 29.Rxd7 Bxd7 30.Nc5 Bc6 31.Na2 $1 
{...} ) 26.Rxd7 {...} ) 25...Rc7 26.Qb6 Qxe5 27.Rab1 $10 {Chance verpasst, alles
wieder im Lot, obwohl die weißen Bauern am Damenflügel bedrohlich aussehen.} 
27...Rc4 $1 28.Re1 Qh5 {Da beide aber nicht so weit wie Hiarcs schauen können,
bleibt die Lage am Damenflügel für Schwarz bedrohlich, zumal Nigel Short Experte
für solche Stellungen ist.} ( {Oder etwa} 28...Qf4 29.Rf1 ( 29.Red1 Nf6 30.Rb4 
Rxb4 31.axb4 Ng4 {...} ) 29...Qe5 30.Rfe1 {...} ) 29.Re4 Rc8 30.Qd4 Nf6 31.Re5 
Rc4 32.Qxc4 Qxe5 33.Qc5 Nd5 34.Nxd5 exd5 35.Nb6 Qe4 36.Rc1 Be6 37.a4 $2 {Sieht
gut aus, aber gibt den Vorteil aus der Hand, denn nun wird der schwarze d-Bauer
riesig.} 37...d4 38.a5 d3 39.Qc3 Qe3+ ( 39...Rd8 {ist nachhaltiger.} ) 40.Kh1 
Qg5 {(+00.98)} ( 40...Qe2 41.Re1 Qf2 42.Rg1 d2 43.Qf3 Qxf3 44.gxf3 Rd8 {...} ) 
41.Rd1 {(-0.72)} 41...Qxb5 ( {Besser:} 41...Rd8 ) 42.Qxd3 Qxa5 43.Nd5 Qxd5 
44.Qxd5 Bxd5 45.Rxd5 {Ob SEC das gewinnen kann?} 45...Ra8 46.Kg1 Kf8 47.Rd7 Ra2 
48.h4 g6 49.Kh2 Re2 50.Kh3 h5 51.Kh2 Re7 52.Rd8+ {Schlagen geht nicht.} 
52...Kg7 53.Kg3 Re4 54.Ra8 Rg4+ 55.Kh3 Rd4 56.Ra6 Rd3+ 57.g3 Rd2 58.Rb6 f5 
59.Rb7+ Kf6 $10 60.Rb6+ Kf7 {Rest in je 1 Stunde, remislich.} 61.Ra6 Kg7 62.Re6 
Ra2 63.Rb6 Re2 64.Rb7+ Kf6 65.Rb8 Ke7 66.Rb6 Kf7 67.Rb3 Rd2 68.Rb6 Rc2 69.Rb7+ 
Kf6 70.Rb6+ Kg7 71.Rb7+ Kh6 72.Rb6 Rd2 73.Ra6 Rb2 74.Ra3 Kg7 75.Ra7+ Kf6 
76.Ra6+ Kf7 77.Ra7+ Kg8 78.Ra8+ {(0.00)} 78...Kf7 {(+00.07)} 79.Ra7+ Kf8 80.Ra6 
g5 81.Ra8+ Kg7 82.Ra7+ Kf6 83.Ra6+ Kg7 84.hxg5 Rb4 85.Rh6 Rg4 86.Rxh5 Kg6 
87.Rh8 Rxg5 88.Rf8 Kg7 89.Rb8 Kf7 90.Kg2 f4 91.Rb3 Ke6 92.Rc3 Rxg3+ 93.Rxg3 
fxg3 94.Kxg3 {Remis.} 1/2-1/2